000 00445nam a2200157 a 4500
001 000033155
005 20200930070049.0
008 110818s1939 dr 000 0 spa d
040 _aDO-SdBNP
_bspa
_cBNPHU
082 _axxxx
_bD337
100 1 _aDelanoy, Oscar
_957393
245 1 0 _aDe actualidad política /
_cOscar Delanoy.
260 _aCiudad Trujillo, República Dominicana :
_b[s.n.],
_c1939.
300 _a48 p. ;
_c21 cm.
049 _aBNPD
999 _c32646
_d32646